00742nam a2200181 a 4500003000200000005001700002008004100019050002700060100003000087245013700117260009200254300004800346504004100394650001900435650003400454650003300488650003900521020250411142208.0970101s19uu xx 00 eng d aPGS GV 346b.M233 2004 aMajaba, Patrick Daniel V. aSports and facilities preferences of Grade six students of Southville International School and Colleges /cPatrick Daniel V. Majaba. aLas Piñas City, Philippines : bSouthville International School and Colleges,c2004. a21 pages :bcolored illustrations ;c28 cm. aIncludes bibliographical references. aSchool sports. aSports facilities vPlanning. aSchool childrenvRecreation. aChildrenvAttitudes toward sports.